000 00208 a2200097 4500
001 82770
090 _c39987
_d39987
100 _aSaarlas, Maido
245 _aAircraft performance;
260 _aNJ
_bJohn Wiley, NJ
_c2007
942 _aNUST-CAE
999 _c317843
_d317843